MCU Trivia (HARD) - Statistics

General Stats
  • This quiz has been taken 313 times
  • The average score is 10 of 15
Answer Stats
Hint Answer % Correct
Black Widow's First Movie Iron Man 2
93%
Gatekeeper of Asgard Heimdall
89%
Infinity Stone Guarded by Red Skull Soul Stone
87%
Iron Man's Daughter's Name Morgan
81%
Librarian at the Sanctum Sanctorum Wong
78%
Thanos's Actor Josh Brolin
75%
Thor's Mom Frigg
70%
What Movie is Stan Lee the Bus Driver Infinity War
70%
Spider-Man's Best Friend Ned Leeds
67%
Loki's Real Father's Name Laufey
60%
Mysterio's Real Name Quentin Beck
56%
Iron Man 3 Villain Aldrich Killian
53%
Most Powerful Black Order Member Ebony Maw
48%
Thor's Human Name/ Alter Ego Donald Blake
32%
Who Takes Over Yondu's Whistle Kraglin Obfonteri
11%
No matching quizzes found
Score Distribution
Percent of People with Each Score
Percentile by Number Answered
Your Score History
You have not taken this quiz